Normal view MARC view
  • Matemáticas

Entry Materia

Number of records used in: 422

001 - NÚMERO DE CONTROL DEL REGISTRO

  • campo de control: 4860

003 - IDENTIFICADOR DE NUMERO DE CONTROL

  • campo de control: MX-MxUPN

005 - FECHA Y HORA DE LA ÚLTIMA TRANSACCIÓN

  • campo de control: 20220523113901.0

008 - DATOS DE LONGITUD FIJA

  • campo de control de longitud fija: 220523na|acnnnaabn a aaa |d

035 ## - NÚMERO DE CONTROL DEL SISTEMA

  • Número de control del sistema: UPN10000004860

040 ## - FUENTE DE LA CATALOGACIÓN

  • Centro catalogador de origen: MX-MxUPN
  • Lengua de catalogación: spa
  • Agencia de transcripción: MX-MxUPN

046 ## - FECHAS CON CODIFICACIÓN ESPECIAL

  • Fecha final para contenidos agregados: 0

053 #4 - NÚMERO CLASIFICADOR - BIBLIOTECA DEL CONGRESO (LC)

  • Elemento numérico de la clasificación - Número único o no. inicial del rango: QA11

150 ## - ENCABEZAMIENTO - TEMÁTICO

  • Término de materia o nombre geográfico como elemento inicial: Matemáticas
  • Subdivisión de materia general: Estudio y enseñanza (Secundaria)

670 ## - FUENTE EN LA QUE SE LOCALIZARON DATOS

  • Cita de la fuente: Catálogo de autoridades de la Biblioteca del Congreso (Estados Unidos), 23 mayo 2022:

670 ## - FUENTE EN LA QUE SE LOCALIZARON DATOS

  • Cita de la fuente: (Mathematics--Study and teaching (Secondary))

902 ## - CATALOGADOR

  • Catalogador: JMG/230397

902 ## - CATALOGADOR

  • Catalogador: VRC/230522